000 00823nam a2200229 a 4500
001 BRCA_8214
005 20190320210159.0
008 160514s19051909mx-####f##---#000-0#spa-#
041 _aspa
044 _amx
050 4 _aHJ256
_b.M46
_c1909
245 1 0 _aMemorias de la Comisión de Cambios y Monedas
_bque comprende el período transcurrido de 1º de mayo de 1905 a 30 de junio de 1909.
260 _aMéxico
_bMüller
_c1910
300 _a2 v.
_bTablas
_c30 cm.
500 _aDos volúmenes inventariados como un sólo libro por el Banco de México
500 _aU121
505 0 _aTomo y anexo: que comprende el período transcurrido de 1º de mayo de 1905 a 30 de junio de 1909
650 1 4 _aFinanzas
_vMemoria
_zMéxico
_920476
650 1 4 _aFinanzas
_y1905-1909
_zMéxico
_920477
902 _aGFM
942 _2lcc
_cB
999 _c7882
_d7882